| 000 | 00713cam a22002412 4500 | ||
|---|---|---|---|
| 001 | 0000002226 | ||
| 005 | 20151217151844.0 | ||
| 008 | 070404s xx 000 0 eng d | ||
| 020 |
_a0826461271 : _cKES 713 |
||
| 040 |
_aKABU _cKABU |
||
| 050 | 0 |
_aHF5686 _b.C8L83 2002 |
|
| 100 | 1 |
_aLucey, Terry. _@0000156064 |
|
| 245 | 1 | 0 |
_aCosting / _cT. Lucey. |
| 250 | _a6th ed. | ||
| 260 |
_aLondon ; _aNew York : _bContinuum, _c2002. |
||
| 300 |
_ax, 609 p. ; _c25 cm. |
||
| 650 | 0 |
_aCost accounting. _@0000151497 |
|
| 908 | _a070404 | ||
| 950 | _@1 | ||
| 999 |
_c5717 _d5717 |
||